Biggest Cities in Bulgaria - Statistics

General Stats
  • This quiz has been taken 48 times
  • The average score is 7 of 15
Answer Stats
Population City % Correct
1,183,454 Sofia
100%
319,612 Plovdiv
85%
310,664 Varna
85%
188,242 Burgas
80%
122,536 Stara Zagora
55%
92,101 Pleven
50%
124,787 Ruse
48%
80,467 Sliven
45%
73,895 Dobrich
38%
65,829 Haskovo
30%
59,166 Veliko Tarnovo
28%
68,259 Pernik
25%
62,254 Blagoevgrad
23%
67,791 Shumen
20%
60,641 Yambol
18%
No matching quizzes found
Score Distribution
Percent of People with Each Score
Percentile by Number Answered
Your Score History
You have not taken this quiz